000 01010cad a22002415a 4500
001 E148001
008 090713e20090710xxkd f s 000 0 eng d
035 _a(Sirsi) u148001
041 0 _aeng
050 0 4 _a333.33 $2 18
110 2 _aRoyal Institution of Chartered Surveyors
_bEconomics
_95033
245 0 0 _aRICS global real estate weekly
_b10 July 2009
_h[electronic resource]
260 _aLondon
_bRICS
_c2009
490 0 _aRICS Global Real Estate Weekly
_v10 July 2009
520 _aReports on the Canadian construction sector and Chinese house prices, as well as discussing Czech construction output and home building activity in Norway.
590 _aKA
650 2 4 _aRICS GLOBAL REAL ESTATE WEEKLY
651 4 _aInternational
690 _aBUILT ENVIRONMENT-CONSTRUCTION MARKET
690 _aPROPERTY-COMMERCIAL PROPERTY-COMMERCIAL PROPERTY MARKET
856 4 0 _uhttps://www.rics.org/RICSWEB/getpage.aspx?p=AAYoG7sDs0atN-4tDGFK1A
_zView this item free of charge at www.rics.org...
942 _n0
999 _c109834
_d109834